000
00297nam a2200121Ia 4500
008
190216s9999||||xx |||||||||||||| ||und||
100
_a
Lucas C Henry
245
0
_a
Information Technology For Management
260
_b
Tata Mcgrawhill Publishers
300
_a
730
650
_a
Commerce
942
_c
BK
999
_c
7205
_d
7205